Welcome to CU Library Online Public Access Catalogue (OPAC)

Computer numerical control : (Record no. 8343)

MARC details
000 -LEADER
fixed length control field 00739cam a22002174a 4500
001 - CONTROL NUMBER
control field 13553298
005 - DATE AND TIME OF LATEST TRANSACTION
control field 20251122152859.0
008 - FIXED-LENGTH DATA ELEMENTS--GENERAL INFORMATION
fixed length control field 040409s2005 njua 001 0 eng
020 ## - INTERNATIONAL STANDARD BOOK NUMBER
International Standard Book Number 0130488674
Qualifying information pbk.
020 ## - INTERNATIONAL STANDARD BOOK NUMBER
International Standard Book Number 9780130488671
Qualifying information (pbk.)
050 00 - LIBRARY OF CONGRESS CALL NUMBER
Classification number TJ1189
Item number .Q47 2005
082 00 - DEWEY DECIMAL CLASSIFICATION NUMBER
Classification number 621.9/023
Edition information 22
100 1# - MAIN ENTRY--PERSONAL NAME
Personal name Quesada, Robert.
245 10 - TITLE STATEMENT
Title Computer numerical control :
Remainder of title machining and turning centers /
Statement of responsibility, etc. Robert Quesada.
260 ## - PUBLICATION, DISTRIBUTION, ETC.
Place of publication, distribution, etc. Upper Saddle River, N.J. :
Name of publisher, distributor, etc. Pearson/Prentice Hall,
Date of publication, distribution, etc. c2005.
300 ## - PHYSICAL DESCRIPTION
Extent xii, 548 p. :
Other physical details ill. ;
Dimensions 28 cm.
500 ## - GENERAL NOTE
General note Includes index.
650 #0 - SUBJECT ADDED ENTRY--TOPICAL TERM
Topical term or geographic name entry element Machine-tools
General subdivision Numerical control.
856 41 - ELECTRONIC LOCATION AND ACCESS
Materials specified Table of contents
Uniform Resource Identifier <a href="http://www.loc.gov/catdir/toc/ecip0417/2004008273.html">http://www.loc.gov/catdir/toc/ecip0417/2004008273.html</a>
942 ## - ADDED ENTRY ELEMENTS (KOHA)
Source of classification or shelving scheme Library of Congress Classification
Koha item type Books
Suppress in OPAC No
999 ## -
-- 8343
-- 8343
Holdings
Withdrawn status Lost status Source of classification or shelving scheme Damaged status Not for loan Collection Home library Current library Shelving location Date acquired Total checkouts Full call number Barcode Date last seen Copy number Price effective from Koha item type
    Library of Congress Classification     Non-fiction Science Library (Miotso) Science Library (Miotso) General stacks 11/22/2025   TJ1189 .Q47 QUE SLM00006025 11/22/2025 1 11/22/2025 Books
© 2023-2024 Copyright: Central University Libraries. All Rights Reserved | Created by: Mahone Tech Office